000 00937 a2200193 4500
005 20251006085828.0
008 251006b |||||||| |||| 00| 0 eng d
020 _a9786214272334
082 _aDFil 658.408 M523 2025
100 _aMendoza, Ernesto H.
_968478
245 _aCorporate social responsibility, good governance, and environmental accountability :
_ba tri-focal approach to the philosophy of business synergies and interrelationships with code of corporate governance for publicly-listed companies /
_cErnesto H. Mendoza and Lorma S.P. Garcia.
260 _aManila :
_bUnlimited Books Library Services & Publishing Inc.,
_c©2025.
300 _axii, 316 pages :
_billustrations :
_c25 cm.
500 _aIncludes glossary and references.
650 0 _aSocial responsibility of business.
_968479
650 0 _aCorporate governance
_xTextbooks.
_968480
700 _aGarcia, Lorma S.P.,
_eauthor.
_968481
942 _2ddc
_cDFIL
999 _c23972
_d23972